000 00574nam a22002177a 4500
005 20210325182731.0
008 s2001 eng d
020 _a2850257680
041 _aeng
050 _aDC611.P958 V46P 2001
100 0 _aVenture, Remi
245 1 0 _aProvence
260 3 _aParis :
_bMarceau Presse,
_c2001
300 _a127 p. :
_b ill., map ;
_c 26 cm.
650 0 4 _aProvence (France) -- Guidebooks
650 0 4 _aProvence (France) -- History
850 _aNALT
942 _cGB
997 _c000000000015307
998 _aSOPAPORN
999 _c15307
_d15307